| 000 | 00562nam a2200169Ia 4500 | ||
|---|---|---|---|
| 008 | 240428s9999||||xx |||||||||||||| ||und|| | ||
| 020 | _a9783659335563 | ||
| 041 | _aeng | ||
| 082 | _adiag., illust.,graph, tabs. | ||
| 100 | _aOfori-Darko, Jacob | ||
| 245 | 0 | _aGlass as a building material : glass use and energy consumption in Ghana. a case of Denkyemuoso-Techiman new site, Kumasi | |
| 260 |
_bLambert Academic Pub. _aSaarbrucken _c2013 |
||
| 300 | _a103p.; | ||
| 650 | _aSophisticated building - Ghana - Glass Building - Ghana | ||
| 942 | _cBK | ||
| 999 |
_c376 _d376 |
||